Το ηλεκτρονικό εμπόριο και ο ρόλος του στο διεθνές εμπόριο : μια προσέγγιση για την Ευρώπη : εργασία
Saved in:
| Main Author: | |
|---|---|
| Corporate Author: | |
| Other Authors: | |
| Format: | Thesis Book |
| Language: | Greek |
| Published: |
2000
|
| Subjects: | |
| Tags: |
Add Tag
No Tags, Be the first to tag this record!
|
MARC
| LEADER | 00000cam a2200000 i 4500 | ||
|---|---|---|---|
| 001 | 1/50590 | ||
| 008 | 040310s2000 gre d | ||
| 035 | |l 10072608 | ||
| 040 | |a GR-MY-UA |b gre |e aacr | ||
| 041 | 0 | |a gre | |
| 082 | 0 | |a 658.84 |2 (22) | |
| 100 | 1 | |a Μάστορα, Μαρία. | |
| 245 | 1 | 3 | |a Το ηλεκτρονικό εμπόριο και ο ρόλος του στο διεθνές εμπόριο : |b μια προσέγγιση για την Ευρώπη : εργασία / |c Μαρία Μάστορα ; διδάσκων: Στέργιος Μπαμπανάσης |
| 260 | |c 2000 | ||
| 300 | |a 48 σ. |b πίν. | ||
| 502 | |a Εργασία - Πανεπιστήμιο Αιγαίου, Τμήμα Ναυτιλίας και Επιχειρηματικών Υπηρεσιών, 2000 | ||
| 504 | |a Περιλαμβάνει βιβλιογραφία | ||
| 610 | 2 | 0 | |a Πανεπιστήμιο Αιγαίου. |
| 650 | 0 | 0 | |a Electronic commerce. |
| 650 | 0 | |a International trade. | |
| 650 | 0 | 0 | |a Dissertations, Academic |z Greece. |
| 700 | 1 | |4 ths |a Μπαμπανάσης, Στέργιος, |d 1935- | |
| 710 | 2 | |a Πανεπιστήμιο Αιγαίου. |b Σχολή Επιστημών της Διοίκησης. |b Τμήμα Ναυτιλίας και Επιχειρηματικών Υπηρεσιών. |b Πρόγραμμα Μεταπτυχιακών Σπουδών "Ναυτιλία, Μεταφορές και Διεθνές Εμπόριο - ΝΑ.Μ.Ε.". | |
| 852 | |a INST |b CHIOS |c PERG |e 20040310 |h 658.84 ΜΑΣ |p 005200013676 |q 005200013676 |t PERG |y 23 | ||
| 901 | |a BIBL2-2004-1 | ||
| 909 | |a Χ |b 100286 | ||
| 924 | |a ΜΑΣΤΟΡΑ |b ΜΑΡΙΑ |y ΧΙΟΣ |z 2002-11 | ||
| 970 | |a ΠΟΥΛΑΚΗ |b ΠΑΝΩΡΑΙΑ |z 2004/03/10 | ||